Quiz o Francji - Statystyki

Ogólne statystyki
  • Ten quiz został rozwiązany 61 razy
    47 od ostatniego zresetowania
  • Średni wynik to 12 z 30
Statystyki odpowiedzi
Wskazówka Odpowiedź % Poprawnych
Stolica Paryż
97%
Waluta Euro
89%
Język urzędowy Francuski
89%
Prezydent Emmanuel Macron
75%
Liczba ludności w milionach (ok.) 68 mln
58%
Najdłuższa rzeka Loara
56%
Najwyższy szczyt Mont Blanc
56%
Morze, do którego ma dostęp od północy Morze Północne
56%
Wysokie pasmo górskie na południowym wschodzie Alpy
53%
Morze, do którego ma dostęp od południa Morze Śródziemne
53%
Największa wyspa Korsyka
50%
Największy partner handlowy Niemcy
44%
Gdzie wybudowany został pałac dla Ludwika XIV? W Wersalu
44%
Rok dołączenia do Unii Europejskiej 1958 r.
42%
Rok dołączenia do NATO 1949 r.
39%
Katedra paryska, której część spłonęła w 2019 r. Katedra Notre Dame
36%
Pasmo górskie na południu Pireneje
36%
Nazwa południowego wybrzeża o jasnym kolorze wody Lazurowe Wybrzeże
31%
Epoka, która narodziła się tu pod koniec XVII w. Oświecenie
28%
Marka samochodów pochodząca z Francji, na której logu znajduje się lew Peugeot
28%
Największy Półwysep we Francji Półwysep Bretoński
28%
Kruchy francuski rogal Croissant
25%
Duża zatoka na zachodzie Zatoka Biskajska
25%
Kwitnące na fioletowo zioła, z których powstały pierwsze perfumy Lawenda
22%
Producent luksusowych torebek, butów i biżuterii; firma założona przez rzemieślnika o imieniu Louis Louis Vuitton
22%
Najdłużej panujący na świecie władca, który znacząco przyczynił się do wzmocnienia Francji i zbudowania jej potęgi kulturowej Ludwik XIV
22%
Budowla na placu Charles'a De Gaulle'a stworzona na cześć zwycięstwa Napoleona Łuk Triumfalny
19%
Nizina rozciągająca się na północy i zachodzie kraju Nizina Francuska
14%
Morze, do którego ma dostęp od północnego zachodu Morze Celtyckie
8%
Najstarszy człowiek, którego wiek został potwierdzony Jeanne Calment
0%
Nie znaleziono quizów pasujących do podanych kryteriów
Rozkład punktacji
Procent ludzi z każdym wynikiem
Percentyl według liczby udzielonych odpowiedzi
Twoja historia wyników
Nie rozwiązałeś tego quizu od ostatniego zresetowania